Otázky československého drevospracujúceho priemyslu z hľadiska jeho zapojenia do procesu medzinárodnej deľby práce kandidátska dizertačná práca

Guardado en:
Detalles Bibliográficos
Autor principal: Potzová, Valéria
Autor Corporativo: Vysoká škola ekonomická v Bratislave
Otros Autores: Tesárek, Jaroslav
Formato: Libro
Lenguaje:eslovaco
Publicado: Bratislava 1984
Materias:
Etiquetas: Agregar Etiqueta
Sin Etiquetas, Sea el primero en etiquetar este registro!

MARC

LEADER 00000nam a2200000 4500
001 c110810
005 20230105082159.7
041 0 |a slo 
044 |a SK 
245 1 0 |a Otázky československého drevospracujúceho priemyslu z hľadiska jeho zapojenia do procesu medzinárodnej deľby práce  |b kandidátska dizertačná práca  |c Valéria Potzová ; Jaroslav Tesárek 
264 1 |a Bratislava  |c 1984 
300 |a 171 s. 
610 2 0 |a priemysel drevársky 
610 2 0 |a deľba práce medzinárodná 
610 2 0 |a socializmus 
610 2 0 |a spolupráca hospodárska medzinárodná 
610 2 0 |a špecializácia výroby 
610 2 0 |a špecializácia výroby medzinárodná 
610 2 0 |a kooperácia výroby 
610 2 0 |a ČSSR 
100 1 |a Potzová, Valéria 
700 1 |a Tesárek, Jaroslav 
710 2 |a Vysoká škola ekonomická v Bratislave